Équipes de NBA championnes de conférence depuis 2000 - Statistiques

Statistiques générales
  • Ce quiz a été pris 2 246 fois
    2 193 depuis la dernière actualisation
  • Le résultat moyen est 38 sur 42
Statistiques - réponses
Hint Réponse % Correct
2000 Lakers
99%
2001 Lakers
99%
2002 Lakers
99%
2004 Lakers
99%
2008 Lakers
99%
2009 Lakers
99%
2010 Lakers
99%
2020 Lakers
99%
2015 Warriors
97%
2016 Warriors
97%
2017 Warriors
97%
2018 Warriors
97%
2019 Warriors
97%
Celtics
95%
Celtics
95%
Heat
95%
Heat
95%
Heat
95%
Heat
95%
Heat
95%
Heat
95%
2003 Spurs
94%
2005 Spurs
94%
2007 Spurs
94%
2013 Spurs
94%
2014 Spurs
94%
Cavaliers
91%
Cavaliers
91%
Cavaliers
91%
Cavaliers
91%
Cavaliers
91%
Raptors
89%
2006 Mavericks
88%
2011 Mavericks
88%
Pistons
84%
Pistons
84%
2012 Thunder
78%
Nets
75%
Nets
75%
Magic
73%
76ers
65%
Pacers
63%
Aucun quiz correspondant
Distribution des résultats
% des personnes avec chaque résultat
Percentile par nombre de réponses
Votre historique - résultats
Vous n’avez pas pris ce quiz depuis la dernière actualisation